000 00446nam a2200181Ia 4500
001 19628
005 20260306172707.0
008 260306t1997||||xx |||||||||||||| ||spa||
041 _aESP
082 _a340.7
_bI61
100 _aGranero, Horacio R. (Comp.)
_eAUT
245 0 _aIntroducción al derecho:
_brecopilación bibliográfica
260 _c1997
300 _a
_c21 cm.
650 _aGEN
654 _aCDE
942 _cLIB
_dJUS
_fJUS
_2ddc
_n
999 _c19628
_d19628